Політика. Політичні науки (Запис № 324551)

МАРК-запис
000 -Лідер
fixed length control field 00527nam a22002417a 4500
003 - Ідентифікатор контрольного номера
control field UA-OsUOA
001 - Контрольний номер
control field 38392
007 - Фіксоване поле фізичного опису
fixed length control field ta
008 - Елементи даних фіксованої довжини – загальна інформація
fixed length control field 20060505b un ||||| |||| 00| 0 ukr d
090 ## - Локальний шифр розміщення
Класифікаційний індекс УДК 32
Авторський знак (НП) П11
040 ## - Джерело каталогізації
Агенція оригінальної каталогізації UA-OsUOA
Мова каталогізації ukr
Агенція, яка здійснювала перезапис UA-OsUOA
Агенція, яка здійснювала модифікацію UA-OsUOA
041 ## - Код мови
Код мови тексту/ звукової доріжки чи окремого заголовка (П) ukr
080 ## - Індекс Універсальної десяткової класифікації
Індекс Універсальної десяткової класифікації (УДК) (НП) 32
044 ## - Код країни видавця/ виробника
Код країни видавця/ виробника (П) UA
099 ## - Місцевий розмір звичайного тексту (OCLC)
Передплатний індекс 48763
245 ## - Відомості про назву
Назва (НП) Політика. Політичні науки
260 ## - Публікація, розповсюдження і т.п. (Вихідні дані)
Місце публікації, розповсюдження і т.п. (П) К.
Дата публікації, розповсюдження і т.п. (П) 2006
246 31 - Інша форма назви
Назва (НП) 3
Номер частини/ розділ роботи (П)
300 ## - Фізичний опис
Обсяг 36 с.
650 #7 - Додаткове предметне введення – тематичний термін
Тематичний термін чи географічна назва, як елемент введення (НП) 32 Політика
Джерело заголовка чи терміна UDC
942 ## - Додаткові елементи входу (Коха)
Тип елемента Koha Журнал
955 ## - Код типу видання за змістом
Код типу видання за змістом (НП) інше

Немає доступних примірників.